[Event "West Attica-ch U10"]
[Site "Athens"]
[Date "2009.09.11"]
[Round "6"]
[White "Alexiadis, Christos"]
[Black "Alimperti, Eleni"]
[Result "1-0"]
[WhiteElo "1020"]
[BlackElo "1005"]
[PlyCount "45"]
[EventDate "2009.09.08"]
[EventType "swiss"]
[EventRounds "7"]
[EventCountry "GRE"]
[SourceTitle "EXT 2011"]
[Source "ChessBase"]
[SourceDate "2010.11.26"]
[SourceVersion "1"]
[SourceVersionDate "2010.11.26"]
[SourceQuality "1"]

1. e4 e5 2. Bc4 Nf6 3. Nf3 Nc6 4. Ng5 d5 5. exd5 Nxd5 6. d4 exd4 7. 0-0 h6 8. Nxf7 Kxf7 9. Qf3+ Ke8 10. Bxd5 Ne5 11. Qh5+ Kd7 12. Qxe5 Qe7 13. Qxd4 c6 14. Be6+ Kxe6 15. Re1+ Kf7 16. Rxe7+ Bxe7 17. Nc3 Be6 18. Bf4 Bf6 19. Qe3 Rad8 20. Re1 Rhe8 21. Ne4 Bf5 22. Nd6+ Rxd6 23. Qxe8# 1-0